00401 2200157 4500001002100000005001500021035002000036245005600056100002100112300002600133260002800159082000800187084001400195020002200209990001200231INLIS00000000000302620250918114012 a0010-09250003731 aGacado :bGalaunya Calon Dokter /cEidelweis Almira0 aEidelweis Almira a204 hlm ;c13 x 19 cm aJakarta :bZettu,c2013 a813 a813 EID g a978-602-7735-41-5 a0755610